Vplyv vonkajšieho ekonomického prostredia na adaptabilitu podnikov v SR záverečné hodnotenie grantovej úlohy č. 0413

Enregistré dans:
Détails bibliographiques
Auteur principal: Farkašovská, Mária
Autres auteurs: Bačová, Monika, Čarnický, Štefan, Jurga, Rastislav, Lissauerová, Darina, Zoričáková, Viera, 1960-, Gajdoš, Jozef, 1962-2025, Kafková, Eva
Format: Livre
Langue:slovaque
Publié: Košice 1999
Sujets:
Tags: Ajouter un tag
Pas de tags, Soyez le premier à ajouter un tag!

MARC

LEADER 00000nam$a2200000$$$4500
001 0112213
005 20240503084920.9
041 0 |a slo 
044 |a SK 
245 1 0 |a Vplyv vonkajšieho ekonomického prostredia na adaptabilitu podnikov v SR  |b záverečné hodnotenie grantovej úlohy č. 0413  |c vedúca projektu Mária Farkašovská 
264 1 |a Košice  |c 1999 
300 |a [50] s. 
610 2 0 |a adaptabilita 
610 2 0 |a podnik 
610 2 0 |a Slovensko 
100 1 |a Farkašovská, Mária 
700 1 |a Bačová, Monika 
700 1 |a Čarnický, Štefan 
700 1 |a Jurga, Rastislav 
700 1 |a Lissauerová, Darina 
700 1 |a Zoričáková, Viera, 1960- 
700 1 |a Gajdoš, Jozef, 1962-2025 
700 1 |a Kafková, Eva